000 00624nam a22002297a 4500
003 UA-OsUOA
001 88155
007 ta
008 20121002b un ||||| |||| 00| 0 ukr d
100 _aГорский И. К.
090 _a82.09:929
_bГ70
942 _cBK
040 _aUA-OsUOA
_brus
_cUA-OsUOA
_dUA-OsUOA
245 _aАлександр Веселовский и современность
300 _a240 с.
955 _a2
041 _arus
080 _a82.09:929
260 _aМ.
_bНаука
_c1975
650 7 _a82 Література. Літературознавство
_2UDC
999 _c374543
_d374543